Členenie obnoviteľných zdrojov energie
Pojem obnoviteľné zdroje energie a ich rozdelenie. Slnečná energia. Formy vužívania slnečnej energie. Slnečné kolektory. Slnečné energetické systémy.
Salvato in:
| Autore principale: | |
|---|---|
| Natura: | Capitolo di libro |
| Lingua: | slovacco |
| Soggetti: | |
| Tags: |
Nessun Tag, puoi essere il primo ad aggiungerne!!
|
MARC
| LEADER | 00000nla$a2200000$$$4500 | ||
|---|---|---|---|
| 001 | 0093412 | ||
| 005 | 20221128083230.4 | ||
| 041 | 0 | |a slo | |
| 044 | |a SK | ||
| 245 | 1 | 0 | |a Členenie obnoviteľných zdrojov energie |c Peter Šimegh |
| 520 | |a Pojem obnoviteľné zdroje energie a ich rozdelenie. Slnečná energia. Formy vužívania slnečnej energie. Slnečné kolektory. Slnečné energetické systémy. | ||
| 610 | 2 | 0 | |a zdroje energie obnoviteľné |
| 610 | 2 | 0 | |a energia slnečná |
| 610 | 2 | 0 | |a energia vodná |
| 610 | 2 | 0 | |a energia veterná |
| 610 | 2 | 0 | |a energia tepelná |
| 610 | 2 | 0 | |a investície |
| 100 | 1 | |a Šimegh, Peter | |